| 000 | 02111cam a2200349 4500 | ||
|---|---|---|---|
| 001 | ##L134134 | ||
| 002 | ##9935 | ||
| 008 | 060712n2006 000 0 eng u | ||
| 020 |
_a0632056126 _a9780632056125 |
||
| 035 | _a(Sirsi) u134134 | ||
| 041 | 0 | _aeng | |
| 050 | 0 | 4 | _a693.2 $2 18 |
| 100 | 1 | _aCurtin, W. G. | |
| 245 | 0 | 0 | _aStructural masonry designers' manual |
| 250 | _a3rd ed. | ||
| 260 |
_aOxford _bBlackwell Science _c2006 |
||
| 300 |
_axiv, 335p. _bill. _c31cm. |
||
| 350 | _a89.50 | ||
| 505 | 2 | _aIntroduction -- Advantages and disadvantages of structural masonry -- Design philosophy -- Limit state design -- Basis of design: (1) vertical loading, (2) lateral loading - tensile and shear strength -- Strapping, propping and tying of loadbearing masonry -- Stability, accidental damage and progressive collapse -- Structural elements and forms -- Design of masonry elements: (1) vertically loaded, (2) combined bending and axial loading -- Design of single-storey buildings -- Fin and diaphragm walls in tall single-storey buildings -- Design of multi-storey structures -- Reinforced and post-tensioned masonry -- Arches | |
| 520 | _aCovers the structural use of brick and blockwork, and features a series of step-by-step design examples of typical elements and buildings. Includes the latest requirements of Building Regulations Parts A, E and L, changes to the code of practice and the specification of materials, sustainability issues, updated health and safety requirements, and recent innovations in structural masonry. | ||
| 590 | _aKA | ||
| 650 | 2 | 4 | _aBUILDING REGULATIONS 2000 APPROVED DOCUMENT A (2004 EDITION) |
| 650 | 2 | 4 | _aBUILDING REGULATIONS 2000 APPROVED DOCUMENT E (2003 EDITION) |
| 650 | 2 | 4 | _aBUILDING REGULATIONS 2000 APPROVED DOCUMENT L1A (2006 EDITION) |
| 650 | 2 | 4 | _aBUILDING REGULATIONS 2000 APPROVED DOCUMENT L1B (2006 EDITION) |
| 690 | _aBUILT ENVIRONMENT-BUILDING ELEMENTS-PARTS OF BUILDING ELEMENTS-CARCASS, STRUCTURE AND FABRIC | ||
| 700 | 1 | _aShaw, G. | |
| 700 | 1 | _aBeck, J. K. | |
| 700 | 1 | _aBray, W. A. | |
| 700 | 1 | _aEasterbrook, David | |
| 942 | _n0 | ||
| 999 |
_c105556 _d105556 |
||